00443nam a2200181 a 4500001001300000003000900013005001700022008004100039020001000080082001300090100001900103245002300122260003400145300000900179500003500188650001900223700001900242nice12345678IN_TiNIC20260116012145.0070720s1904 alia grp 000 0 urd  ac10000a294bNAR aNarain, Prasad aRahnumayan-E-hindi aAligarh bNo Publisher c1904 a231p aincludes index and biblioraphy aIndia-Religion1 aNarain, Prasad